00630nam a2200181 4500010001300000035001300013037001800026040001200044082001600056100001700072245018100089260004500270270003900315300002300354650002600377650002700403650001800430 aA-091583 aA-091583 bCen Lib / Ret aDPLbEN a707.54bGUP aGupta, S. P. aThe roots of Indian art : ba detailed study of the formative period of Indian art and architecture, third and second centuries B.C., Mauryan and late Mauryan /cby S. P. Gupta aDelhibB R. Publishing Corporationc1980 aB R. Publishing CorporationbDelhi a378+120pc27cm(Hb) aArt, Maurya -- India. aArt, Ancient -- India. aArt, Ancient.